Oeuvres mêlées de Plutarque / (Registro nro. 162292)
[ vista simple ]
| 000 -LEADER | |
|---|---|
| campo de control de longitud fija | 01322nam a22003255i 4500 |
| 001 - NÚMERO DE CONTROL | |
| campo de control | 162292 |
| 003 - IDENTIFICADOR DE NÚMERO DE CONTROL | |
| campo de control | ES-MaACL |
| 005 - FECHA Y HORA DE LA ÚLTIMA TRANSACCIÓN | |
| campo de control | 20251013215429.0 |
| 008 - DATOS DE LONGITUD FIJA--INFORMACIÓN GENERAL | |
| campo de control de longitud fija | 041110s1803 fr ac |||| | fre d |
| 040 ## - FUENTE DE CATALOGACIÓN | |
| Centro catalogador/agencia de origen | CAM |
| Lengua de catalogación | spa |
| Centro/agencia transcriptor | CAM |
| 100 0# - ENTRADA PRINCIPAL--NOMBRE DE PERSONA | |
| Nombre de persona | Plutarco |
| 9 (RLIN) | 92678 |
| 245 10 - MENCIÓN DEL TÍTULO | |
| Título | Oeuvres mêlées de Plutarque / |
| Mención de responsabilidad, etc. | traduites du grec par Amyot... ; avec des notes et des observations par MM. Brotier et Vauvilliers ; tome quatrième. |
| 250 ## - MENCION DE EDICION | |
| Mención de edición | Nouvelle éd. |
| Resto de la mención de edición | rev., corr. et augm. par E. Clavier. |
| 260 ## - PUBLICACIÓN, DISTRIBUCIÓN, ETC. | |
| Lugar de publicación, distribución, etc. | A Paris : |
| Nombre del editor, distribuidor, etc. | de l'imprimerie de Cussac..., |
| Fecha de publicación, distribución, etc. | An \RXI\R [1803] |
| 300 ## - DESCRIPCIÓN FÍSICA | |
| Extensión | [4], 432 p. : |
| Otras características físicas | il. ; |
| Dimensiones | 8º. |
| 500 ## - NOTA GENERAL | |
| Nota general | Es el T. XXI de las Oeuvres de Plutarque. |
| 595 ## - | |
| -- | Dato de ed. precede a mención de parte. |
| 596 ## - NOTA AL PIE DE IMPRENTA | |
| NOTA AL PIE DE IMPRENTA | Marca tip. en port. |
| 597 ## - NOTA DE DESCRIPCIÓN FÍSICA | |
| NOTA DE DESCRIPCIÓN FÍSICA | Sign.: []\p2\s, A-Z\p8\s, 2A-2D\p8\s. |
| 597 ## - NOTA DE DESCRIPCIÓN FÍSICA | |
| NOTA DE DESCRIPCIÓN FÍSICA | Antep. |
| 599 ## - NOTA A LAS ILUSTRACIONES | |
| NOTA A LAS ILUSTRACIONES | Las il. xil., medallones con retratos y monumentos. |
| 700 11 - ENTRADA AGREGADA--NOMBRE PERSONAL | |
| Nombre de persona | Amyot, Jacques, |
| Término indicativo de función/relación | |
| 9 (RLIN) | 125662 |
| 700 11 - ENTRADA AGREGADA--NOMBRE PERSONAL | |
| Nombre de persona | Brotier, Gabriel, |
| Fechas asociadas al nombre | 1723-1789 |
| Término indicativo de función/relación | |
| 9 (RLIN) | 149971 |
| 700 11 - ENTRADA AGREGADA--NOMBRE PERSONAL | |
| Nombre de persona | Vauvilliers, Jean François, |
| Término indicativo de función/relación | |
| 9 (RLIN) | 133574 |
| 700 11 - ENTRADA AGREGADA--NOMBRE PERSONAL | |
| Nombre de persona | Clavier, Etienne, |
| Fechas asociadas al nombre | 1762-1817 |
| Término indicativo de función/relación | |
| 9 (RLIN) | 149972 |
| 700 11 - ENTRADA AGREGADA--NOMBRE PERSONAL | |
| Nombre de persona | Cussac, Jean Baptiste, |
| Término indicativo de función/relación | |
| 9 (RLIN) | 223631 |
| 740 01 - ENTRADA AGREGADA--TÍTULO RELACIONADO/ANALÍTICO NO CONTROLADO | |
| Título relacionado o analítico no controlado | Oeuvres de Plutarque. |
| 852 ## - LOCALIZACIÓN | |
| Ubicación | ES-MaACL |
| Número de control de estantería | G-9449 |
| Nota libre | -- Enc. pasta española |
| Estatus retirado | Estado de pérdida | Estado de daño | No para préstamo | Colección | Biblioteca de origen | Biblioteca actual | Ubicación en estantería | Fecha de adquisición | Fuente de adquisición | Total de préstamos | Signatura topográfica completa | Código de barras | Visto por última vez | Precio de reemplazo | Tipo de ítem Koha |
|---|---|---|---|---|---|---|---|---|---|---|---|---|---|---|---|
| Libros del s. XIX | Biblioteca del Ateneo de Madrid | Biblioteca del Ateneo de Madrid | Sala Pecera Planta 3 | 17/01/2008 | G-9449 | 1170025 | 23/02/2023 | 23/02/2023 | Libro impreso antiguo |
